New outline-history of europe 1815 - 1942

Uloženo v:
Podrobná bibliografie
Hlavní autor: Littlefield, Henry Wilson
Médium: Kniha
Jazyk:Undetermined
Vydáno: New York Barnes & noble 1942
Témata:
Tagy: Přidat tag
Žádné tagy, Buďte první, kdo otaguje tento záznam!
Thư viện lưu trữ: Trung tâm Học liệu Trường Đại học Cần Thơ
LEADER 00522nam a2200193Ia 4500
001 CTU_80953
008 210402s9999 xx 000 0 und d
082 |a 940 
082 |b L779 
100 |a Littlefield, Henry Wilson 
245 0 |a New outline-history of europe 1815 - 1942 
245 0 |c Henry Wilson Littlefield 
260 |a New York 
260 |b Barnes & noble 
260 |c 1942 
650 |a Europe 
650 |x History 
904 |i Vương,Hải 
980 |a Trung tâm Học liệu Trường Đại học Cần Thơ